000 00336nam a2200133Ia 4500
005 20251222144727.0
008 251222s9999||||xx |||||||||||||| ||spa||
020 _a9972-890-39-2
082 _a920.985/O74
100 _aOrtíz Sotelo, Jorge
245 0 _aMiguel Grau:
264 _bFondo Editorial del Congreso del Perú
942 _cLIB
999 _c18452
_d18452